| 000 | 01173nas a2200349 4500 | ||
|---|---|---|---|
| 001 | BR2013003637 | ||
| 003 | BR-BrBNA | ||
| 005 | 20231205122314.0 | ||
| 007 | ta | ||
| 008 | 230509b bl.|||p| |||| 00| 00por d | ||
| 040 |
_aBR-BrBNA _bpor _cBiblioteca Nacional de Agricultura |
||
| 041 | _a(Pt) | ||
| 072 | _aL50; L70 | ||
| 100 | 1 | _aLins, L.A. | |
| 100 | 1 | _aFinger, I.S. | |
| 100 | 1 | _aFernandes, C.G. | |
| 100 | 1 | _aCurcio, B.R. | |
| 100 | 1 | _aCorrêa, M.N. | |
| 100 | 1 | _aNogueira, C.E.W. | |
| 100 | 1 | _a | |
| 245 | 1 | _aResposta clínica e metabólica de potros neonatos em relação aos achados histopatológicos da placenta na égua | |
| 246 | 1 | _aClinical and metabolic response of neonatal foals related to histopathology finds in mare placenta | |
| 650 | _aÉGUA | ||
| 650 | _aPLACENTA | ||
| 650 | _aPOTRO | ||
| 650 | _aFISIOLOGIA ANIMAL | ||
| 650 | _aMETABOLISMO ANIMAL | ||
| 773 | 0 |
_tArquivo Brasileiro de Medicina Veterinária e Zootecnia (Brazil) _xISSN 0102-0935 _g(Dec 2012), v. 64(6) p. 1436-1441 _wBR2013003637 |
|
| 856 | 4 | 0 | _uhttp://www.scielo.br/pdf/abmvz/v64n6/05.pdf |
| 909 |
_a202311 _bLúcia _c55 _dLúcia Elande |
||
| 942 |
_2AGRIS _n0 _cANA |
||
| 999 |
_c227975 _d227975 |
||